| 000 | 00833nam a2200229Ia 4500 | ||
|---|---|---|---|
| 999 |
_c39828 _d39828 |
||
| 001 | 6433 | ||
| 003 | GE_BSU | ||
| 005 | 20191118124559.0 | ||
| 008 | 181216s2003||||ge |||||||||||||| ||geo|| | ||
| 020 | _a9992896973 | ||
| 040 | _cGE_BSU | ||
| 041 | _ageo | ||
| 080 | _a575(075.8) დ-43 | ||
| 100 |
_aდიასამიძე, ანზორ _91109 |
||
| 245 |
_aზოგადი გენეტიკა / _cანზორ დიასამიძე, რედ. შ. გოლიაძე. |
||
| 264 |
_aბათუმი : _bბათუმის სახ. უნ-ტის გამ-ბა, _c2003. |
||
| 300 |
_a492 გვ. ; _b21 სმ. |
||
| 541 | _h20ლ. | ||
| 653 | _aზოგადი გენეტიკა | ||
| 700 |
_aგოლიაძე, შ. _eრედაქტორი _95400 |
||
| 942 |
_cBK _2udc |
||